[Event "Berlin Lichtenberger op 10th"]
[Site "Berlin"]
[Date "2011.08.19"]
[Round "7"]
[White "Llacer Bosbach, Ana"]
[Black "Dittrich, Hans Heinrich"]
[Result "0-1"]
[WhiteElo "1526"]
[BlackElo "1698"]
[PlyCount "120"]
[EventDate "2011.08.13"]
[EventType "swiss"]
[EventRounds "9"]
[EventCountry "GER"]
[SourceTitle "CBM 143 Extra"]
[Source "ChessBase"]
[SourceDate "2011.08.29"]
[SourceVersion "1"]
[SourceVersionDate "2011.08.29"]
[SourceQuality "1"]

1. e4 e5 2. Nf3 Nc6 3. d4 exd4 4. Nxd4 Qh4 5. Nc3 Bb4 6. Nde2 Qxe4 7. Bd2 Bxc3 8. Bxc3 Nf6 9. Qd2 d6 10. 0-0-0 Be6 11. Kb1 Qa4 12. b3 Qa3 13. Nd4 Ne4 14. Qe3 Nxc3+ 15. Qxc3 0-0 16. Nb5 Qc5 17. Qxc5 dxc5 18. Nxc7 Rad8 19. Kc1 Rxd1+ 20. Kxd1 Rd8+ 21. Kc1 Bf5 22. Nb5 a6 23. Na3 Nb4 24. f3 Nxa2+ 25. Kb2 Nb4 26. Kc3 Rd1 27. g4 Bg6 28. Bg2 Nd5+ 29. Kb2 Rd2 30. Re1 h6 31. Bh1 b5 32. h4 b4 33. Kc1 Rh2 34. h5 Bxh5 35. gxh5 bxa3 36. Kb1 Rxh5 37. Ka2 Rh2 38. Kxa3 Rxc2 39. Re8+ Kh7 40. f4 Nc3 41. b4 cxb4+ 42. Kxb4 Rc1 43. Bg2 Nb5 44. Bd5 Nc7 45. Be4+ g6 46. Re7 Kg7 47. Rd7 Ne6 48. Bd5 Kf6 49. Ra7 Nxf4 50. Rxf7+ Kg5 51. Be4 h5 52. Ra7 h4 53. Rxa6 h3 54. Ra2 Kh4 55. Kb3 g5 56. Rd2 g4 57. Kb2 Rc5 58. Kb3 g3 59. Bf3 g2 60. Rd4 Kg3 0-1

[Event "Berlin Lichtenberger op 10th"]
[Site "Berlin"]
[Date "2011.08.14"]
[Round "2"]
[White "Dittrich, Hans Heinrich"]
[Black "Baranowsky, Peter"]
[Result "1/2-1/2"]
[WhiteElo "1698"]
[BlackElo "1989"]
[PlyCount "36"]
[EventDate "2011.08.13"]
[EventType "swiss"]
[EventRounds "9"]
[EventCountry "GER"]
[SourceTitle "CBM 143 Extra"]
[Source "ChessBase"]
[SourceDate "2011.08.29"]
[SourceVersion "1"]
[SourceVersionDate "2011.08.29"]
[SourceQuality "1"]

1. e4 e6 2. d4 d5 3. Nc3 Bb4 4. e5 c5 5. a3 Bxc3+ 6. bxc3 Ne7 7. Qg4 0-0 8. Bd3 f5 9. exf6 Rxf6 10. Bg5 Rf7 11. Qh5 g6 12. Qd1 c4 13. Be2 Bd7 14. Nf3 Nbc6 15. h4 Qc7 16. Qd2 Raf8 17. Bh6 Re8 18. 0-0 e5 1/2-1/2

[Event "Troisdorf op"]
[Site "Troisdorf"]
[Date "2001.10.30"]
[Round "2"]
[White "Vitz, Hans Joachim"]
[Black "Dittrich, Hans Heinrich"]
[Result "1-0"]
[WhiteElo "1742"]
[BlackElo "1400"]
[PlyCount "49"]
[EventDate "2001.10.??"]
[EventType "swiss"]
[EventRounds "7"]
[EventCountry "GER"]
[SourceTitle "EXT 2005"]
[Source "ChessBase"]
[SourceDate "2004.11.15"]
[SourceVersion "1"]
[SourceVersionDate "2004.11.15"]
[SourceQuality "1"]

1. c4 Nf6 2. Nc3 e6 3. e4 d6 4. d4 Be7 5. Nf3 0-0 6. Bd3 Na6 7. a3 c5 8. e5 dxe5 9. dxe5 Nd7 10. Qc2 h6 11. 0-0 Qc7 12. Bf4 b6 13. Be4 Bb7 14. Nb5 Qb8 15. Rad1 Bxe4 16. Qxe4 Rd8 17. Rd2 Nf8 18. Rfd1 Rxd2 19. Rxd2 Nc7 20. Nd6 Ne8 21. Qc6 Ng6 22. Bg3 Bxd6 23. exd6 Qd8 24. d7 Nf6 25. Qxa8 1-0